000 00440nam a22001577a 4500
005 20260203103821.0
008 260203b |||||||| |||| 00| 0 eng d
020 _aISBN 0-8016-4685-5
050 _aQR 46 .C35 1985 C.1
100 _aAlice Lorraine Smith
245 _aPRINCIPLES OF MICROBIOLOGY
250 _aTenth Edition
260 _aSt.Louis
_bTimes Mirror/Mosby College Publishing
_c1985
300 _a929pages
942 _2lcc
_cBK
999 _c216513
_d216513